Modelling and Optimal Operation of a Forward Osmosis Process

Gespeichert in:
Bibliographische Detailangaben
1. Verfasser: Ružička, Matej (Verfasst von)
Weitere Verfasser: Paulen, Radoslav (Betreuung Doktorarbeit)
Format: Manuskript Buch
Sprache:Slowakisch
Englisch
Veröffentlicht: 2024
Schlagworte:
Online-Zugang:http://is.stuba.sk/zp/portal_zp.pl?podrobnosti=176632
Tags: Tag hinzufügen
Keine Tags, Fügen Sie das erste Tag hinzu!

MARC

LEADER 00000ntm a22000003a 4500
001 stuzp99267
003 SK-STU
005 20240601210547.4
007 ta
008 150427s2015----xo-----f-mn---000-0-slo-d
040 |a STU  |b slo 
041 0 |a eng 
100 1 |a Ružička, Matej  |u 047220  |4 aut  |U FCHPT Ústav informatizácie, automatizácie a matematiky  |T FCHPT Oddelenie informatizácie a riadenia procesov  |X 104148  |U C7220  |Y 121  |7 104148 
242 0 1 |a Modelovanie a optimalizácia procesu doprednej osmózy  |y slo 
245 1 0 |a Modelling and Optimal Operation of a Forward Osmosis Process 
260 |c 2024 
650 4 |a Reverzná osmóza  |2 slo 
650 4 |a Dopredná osmóza  |2 slo 
650 4 |a Modelovanie  |2 slo 
650 4 |a Optimalizácia  |2 slo 
650 4 |a Forward osmosis  |2 eng 
650 4 |a Reverse osmosis  |2 eng 
650 4 |a Modelling  |2 eng 
650 4 |a Optimisation  |2 eng 
700 1 |a Paulen, Radoslav  |u 047220  |k Z1  |4 ths  |U FCHPT Ústav informatizácie, automatizácie a matematiky  |T FCHPT Oddelenie informatizácie a riadenia procesov  |X 22507  |U C7220  |Y 121  |7 A000022507 
856 4 |u http://is.stuba.sk/zp/portal_zp.pl?podrobnosti=176632